000
00305nam a22001337a 4500
008
170926b xxu||||| |||| 00| 0 eng d
020
_a
9780761908944
041
_a
eng
080
_2
7TH
_a
37
100
_a
46
101
_a
EDU
245
_a
EVALUATION A SYSTEMATIC APPROACH
_c
ROSSI,P.H
942
_2
udc
_c
BK
999
_c
30068
_d
30068